Statistics for 自治体内唯一の国鉄駅かつその駅名が自治体名と異なる例(1960年/西日本編)

Click here to take the quiz!

General Stats

  • This quiz has been taken 12 times
    (11 since last reset)
  • The average score is 31 of 218

Answer Stats

HintAnswer% Correct
東海道本線神足
56%
山崎
44%
鴻池新田
44%
草津線貴生川
44%
京都府乙訓郡長岡町
44%
大阪府三島郡三島町
44%
北河内郡四條畷町
33%
因美線国英
33%
由良
33%
日野郡江府町
33%
徳庵
33%
揖保郡揖保川町
33%
朝来
33%
山陽本線土山
33%
竜野
33%
関西本線法隆寺
33%
伯備線江尾
33%
石生
33%
西牟婁郡上富田町
33%
乙訓郡大山崎村
33%
六軒
33%
手原
33%
三雲
33%
伊香郡木之本町
33%
一志郡嬉野町
33%
南牟婁郡紀宝町
33%
河毛
33%
木ノ本
33%
三井郡大刀洗町
22%
大山口
22%
田川郡赤村
22%
紀勢本線一身田
22%
山陰本線揖屋
22%
玉造温泉
22%
遠賀郡岡垣村
22%
福岡県遠賀郡遠賀村
22%
山陽本線庭瀬
22%
宇野線妹尾
22%
海田市
22%
向洋
22%
高知県高岡郡日高村
22%
福知山線川西池田
22%
佐賀県杵島郡江北町
22%
下北条
22%
山陰本線松崎
22%
藤並
22%
紀伊内原
22%
和佐
22%
姫新線播磨徳久
22%
山陰本線梁瀬
22%
山中渓
22%
阪和線北信太
22%
片町線忍ケ丘
22%
東海道本線千里丘
22%
一志郡三雲村
22%
名松線権現前
22%
北陸本線坂田
22%
福塩線備後三川
22%
高徳本線勝瑞
22%
近江塩津
22%
佐用郡南光町
22%
西伯郡大山町
22%
東伯郡大栄町
22%
東伯郡北条町
22%
田川線油須原
22%
甘木線西太刀洗
22%
長崎本線肥前山口
22%
日高郡川辺町
22%
奈良県生駒郡斑鳩町
22%
川西市
22%
渡瀬
22%
朝来郡山東町
22%
布施市
22%
河内市
22%
中郡大宮町
22%
栗太郡栗東町
22%
松橋
22%
伊香郡西浅井村
22%
度会郡大宮町
22%
八頭郡河原町
22%
太刀洗
22%
八束郡玉湯町
22%
安芸郡海田町
22%
土讃本線大歩危
22%
徳島本線府中
22%
安芸郡府中町
22%
海老津
22%
鹿児島本線遠賀川
22%
和歌山線名手
11%
臼ノ浦線臼ノ浦
11%
山陰本線江崎
11%
肥薩線
11%
豊肥本線宮地
11%
有佐
11%
水内
11%
西里
11%
木葉
11%
牟岐線阿波中島
11%
宮津線丹後山田
11%
口大野
11%
山陽本線大門
11%
備中箕島
11%
松浦線江迎
11%
土讃本線日下
11%
筑肥線浜崎
11%
荒木
11%
土佐久礼
11%
岸嶽
11%
唐津線小城
11%
高徳本線造田
11%
木次線加茂中
11%
黒井
11%
肥前竜王
11%
神前
11%
紀勢本線紀伊日置
11%
土讃本線塩入
11%
山口線仁保
11%
江南
11%
吉成
11%
三重県安芸郡豊里村
11%
紀伊井田
11%
有田郡吉備町
11%
名東郡国府町
11%
三好郡西祖谷山村
11%
徳島県板野郡藍住町
11%
伊勢柏崎
11%
阿武郡田万川町
11%
山口県熊毛郡大和村
11%
佐伯郡湯来町
11%
岡山県都窪郡吉備町
11%
大原郡加茂町
11%
島根県八束郡東出雲町
11%
那賀郡那賀町
11%
日高郡日高町
11%
三池郡高田町
11%
和歌山県西牟婁郡日置川町
11%
氷上郡春日町
11%
氷上郡氷上町
11%
兵庫県加古郡阿閇村
11%
泉南郡東鳥取村
11%
泉北郡信太村
11%
与謝郡野田川町
11%
甲賀郡甲西町
11%
甲賀郡水口町
11%
東浅井郡湖北町
11%
滋賀県坂田郡近江町
11%
度会郡紀勢町
11%
高岡郡中土佐町
11%
吉敷郡大内町
11%
東松浦郡浜崎玉島町
11%
阿曽
11%
宇土郡不知火町
11%
飽託郡北部村
11%
玉名郡玉東村
11%
八代郡鏡町
11%
阿蘇郡一の宮町
11%
北諸県郡山田町
11%
長崎県北松浦郡鹿町町
11%
大野郡清川村
0%
潜竜
0%
大分郡大分町
0%
朝倉郡三輪村
0%
南海部郡上浦町
0%
大分県北海部郡佐賀関町
0%
葦北郡百済来村
0%
八代郡下松求麻村
0%
矢部線北川内
0%
鳥取県東伯郡東郷町
0%
球磨郡相良村
0%
鹿児島本線大野下
0%
宮崎県児湯郡新富町
0%
北諸県郡荘内町
0%
鹿児島県出水郡野田村
0%
囎唹郡大隅町
0%
瀬戸石
0%
湯前線川村
0%
日豊本線幸崎
0%
浅海井
0%
久大本線賀来
0%
豊肥本線牧口
0%
日豊本線三納代
0%
吉都線谷頭
0%
日向庄内
0%
鹿児島本線野田郷
0%
大隈
0%
水城
0%
上山田線臼井
0%
東松浦郡北波多村
0%
嘉穂郡碓井町
0%
八女郡上陽町
0%
三瀦郡筑邦町
0%
筑紫郡大野町
0%
杵島郡有明村
0%
愛媛県伊予郡松前町
0%
吉備線吉備津
0%
仲多度郡仲南村
0%
大川郡寒川村
0%
姫新線勝間田
0%
香川県大川郡長尾町
0%
那賀郡那賀川町
0%
小城郡三日月村
0%
可部線古市橋
0%
簸川郡湖陵村
0%
板野郡応神村
0%
山陽本線岩田
0%
北松浦郡江迎町
0%
北松浦郡小佐々町
0%
熊本県玉名郡岱明村
0%
安佐郡安古市町
0%
世羅郡甲山町
0%
広島県深安郡深安町
0%
勝田郡勝央町
0%
都窪郡妹尾町
0%
予讃本線北伊予
0%
児島郡興除村
0%
吉備郡真金町
0%
嘉穂郡嘉穂町
0%
志布志線岩川
0%

Score Distribution

Percentile by Number Answered

Percent of People with Each Score

Your Score History

You have not taken this quiz since the last reset